Die Größten Inseln in Europa - Statistiken

Allgemein
  • Dieses Quiz wurde 362 mal gespielt
  • Das Durchschnittsergebnis liegt bei 8 aus 20
Antworten auf der Karte
Die Antworten werden auf der Karte rot bzw. grün angezeigt, abhängig davon wie oft sie richtig erraten wurden.
 
Antwortstatistiken
Insel % Korrekt
Island
94%
Irland
88%
Sizilien
81%
Großbritannien
77%
Kreta
76%
Mallorca
76%
Sardinien
74%
Korsika
72%
Zypern
63%
Gotland
29%
Seeland
19%
Spitzbergen
14%
Euböa
8%
Nordinsel
3%
Südinsel
3%
Nordostland
2%
Edgeøya
1%
Kolgujew
1%
Nordjütische Insel
1%
Waigatsch
1%
Keine übereinstimmenden Quizze gefunden
Verteilung der Resultate
Anzahl Personen mit jedem Resultat
Perzentil nach korrekt beantworteten Fragen
Ihre Resultats-Entwicklung
Sie haben dieses Quiz noch nicht gespielt